[Event "COL-chT"]
[Site "Risaralda"]
[Date "2023.11.22"]
[Round "6.2"]
[White "Figueroa Navarro, Juan Jose"]
[Black "Rueda Rojas, Richard Alejandro"]
[Result "0-1"]
[WhiteElo "1960"]
[BlackElo "1876"]
[PlyCount "47"]
[EventDate "2023.11.19"]
[EventType "team-swiss"]
[EventRounds "7"]
[EventCountry "COL"]
[SourceTitle "CB49_2023"]
[SourceDate "2023.12.06"]
[SourceVersion "1"]
[SourceVersionDate "2023.12.06"]
[SourceQuality "1"]
[WhiteTeam "Narino"]
[BlackTeam "Santander"]
[WhiteTeamCountry "COL"]
[BlackTeamCountry "COL"]

1. d4 Nf6 2. c4 g6 3. Nc3 d5 4. e3 Bg7 5. Nf3 0-0 6. Bd3 c5 7. 0-0 cxd4 8. exd4 Nc6 9. h3 Nb4 10. Be2 dxc4 11. Bxc4 Bf5 12. Bf4 Rc8 13. Qb3 a5 14. Bb5 Qb6 15. a4 Bc2 16. Qa3 Bd3 17. Bxd3 Nxd3 18. Ne2 Nb4 19. Rac1 Qa6 20. Rxc8 Rxc8 21. Nc3 Qc4 22. Nb5 Nfd5 23. Rc1 Nc2 24. b3 0-1

[Event "COL-chT"]
[Site "Risaralda"]
[Date "2023.11.21"]
[Round "5.2"]
[White "Soto, Leonardo"]
[Black "Figueroa Navarro, Juan Jose"]
[Result "0-1"]
[WhiteElo "2023"]
[BlackElo "1960"]
[PlyCount "71"]
[EventDate "2023.11.19"]
[EventType "team-swiss"]
[EventRounds "7"]
[EventCountry "COL"]
[SourceTitle "CB49_2023"]
[SourceDate "2023.12.06"]
[SourceVersion "1"]
[SourceVersionDate "2023.12.06"]
[SourceQuality "1"]
[WhiteTeam "Casanare"]
[BlackTeam "Narino"]
[WhiteTeamCountry "COL"]
[BlackTeamCountry "COL"]

1. e4 e5 2. Nf3 Nc6 3. d4 exd4 4. Bc4 Nf6 5. Ng5 d5 6. exd5 Ne5 7. Qe2 Qe7 8. 0-0 Bg4 9. f3 Bf5 10. Bf4 h6 11. Bxe5 hxg5 12. Nd2 0-0-0 13. Rfe1 Nxd5 14. Nb3 f6 15. Bxd4 Qxe2 16. Rxe2 Nf4 17. Rd2 a6 18. Rad1 Bd6 19. c3 g4 20. fxg4 Bxg4 21. Rf1 b5 22. Bf7 Rd7 23. Be3 Ne2+ 24. Kf2 Rxf7 25. Rxe2 Bxe2 26. Kxe2 Rxh2 27. Kf3 g5 28. Rf2 f5 29. Bc5 g4+ 30. Ke2 g3 31. Bxd6 cxd6 32. Rf3 Rxg2+ 33. Kf1 Rxb2 34. Rxg3 Rxa2 35. Nd4 f4 36. Ke1 0-1

[Event "COL-chT"]
[Site "Santa Marta"]
[Date "2022.11.02"]
[Round "1.3"]
[White "Prasca Sosa, Rafael Felipe"]
[Black "Figueroa Navarro, Juan Jose"]
[Result "1/2-1/2"]
[WhiteElo "2333"]
[BlackElo "2026"]
[PlyCount "94"]
[EventDate "2022.11.02"]
[EventType "team-swiss"]
[EventRounds "7"]
[EventCountry "COL"]
[SourceTitle "CBM 211 Extra"]
[Source "ChessBase"]
[SourceDate "2023.01.31"]
[SourceVersion "1"]
[SourceVersionDate "2023.01.31"]
[SourceQuality "1"]
[WhiteTeam "Risaralda"]
[BlackTeam "Narino"]
[WhiteTeamCountry "COL"]
[BlackTeamCountry "COL"]

1. e4 e5 2. Nf3 Nc6 3. Nc3 Nf6 4. Bb5 Bb4 5. 0-0 0-0 6. d3 Re8 7. Bg5 h6 8. Bxf6 gxf6 9. Nd5 Bf8 10. Nh4 Nd4 11. Bc4 c6 12. Ne3 d5 13. exd5 b5 14. c3 f5 15. cxd4 Qxh4 16. Bb3 exd4 17. g3 Qf6 18. Ng2 c5 19. a4 Bd7 20. axb5 Bxb5 21. Bc4 a6 22. b3 Bd6 23. Qf3 Qg5 24. Ra2 Rac8 25. Rfa1 Red8 26. Nh4 f4 27. Ng2 fxg3 28. fxg3 f5 29. Rf1 Rf8 30. Kh1 Rf7 31. Bxb5 axb5 32. Ra6 Rf6 33. Qe2 Rcf8 34. Rc6 f4 35. gxf4 Qxd5 36. Qe4 Qxb3 37. Nh4 Bxf4 38. Rxf6 Rxf6 39. Rxf4 Qd1+ 40. Kg2 Qd2+ 41. Kg3 Rxf4 42. Qxf4 Qxd3+ 43. Nf3 Qg6+ 44. Kf2 Qc2+ 45. Kg3 Qg6+ 46. Kf2 Qc2+ 47. Kg3 Qg6+ 1/2-1/2

[Event "COL-chT 21st"]
[Site "Cartagena"]
[Date "2019.11.30"]
[Round "4.3"]
[White "Figueroa Navarro, Juan Jose"]
[Black "Torres, Richard"]
[Result "1/2-1/2"]
[WhiteElo "1893"]
[BlackElo "1860"]
[PlyCount "197"]
[EventDate "2019.11.30"]
[EventType "team-swiss"]
[EventRounds "9"]
[EventCountry "COL"]
[SourceTitle "CBM 195 Extra"]
[Source "ChessBase"]
[SourceDate "2020.05.31"]
[SourceVersion "1"]
[SourceVersionDate "2020.05.31"]
[SourceQuality "1"]
[WhiteTeam "Narino"]
[BlackTeam "Cauca"]
[WhiteTeamCountry "COL"]
[BlackTeamCountry "COL"]

1. d4 Nf6 2. c4 c5 3. d5 b5 4. cxb5 a6 5. bxa6 Bxa6 6. Nc3 d6 7. g3 g6 8. Bg2 Bg7 9. Nf3 Nbd7 10. 0-0 0-0 11. Re1 Ng4 12. Bd2 Nge5 13. b3 Nb6 14. Rb1 Bb7 15. Nxe5 Bxe5 16. a4 Qd7 17. Qc2 c4 18. bxc4 Nxc4 19. Bc1 Rfc8 20. Qb3 Na5 21. Qb5 Qc7 22. Nd1 Ba6 23. Qb4 Rab8 24. Qe4 f5 25. Rxb8 fxe4 26. Rxc8+ Bxc8 27. Be3 Nc4 28. Bxe4 Nxe3 29. Nxe3 Bd4 30. Ng2 Bf5 31. Bf3 Qa5 32. Rc1 Qxa4 33. e3 Be5 34. Nh4 Be4 35. Rc8+ Kg7 36. Rc1 Bxf3 37. Nxf3 Qe4 38. Nxe5 Qxe5 39. Rd1 Qb2 40. Kg2 g5 41. Rd4 h5 42. h4 g4 43. Re4 Kf7 44. Rf4+ Kg6 45. Re4 Kf7 46. Rf4+ Ke8 47. Rf5 Qh8 48. f3 gxf3+ 49. Kxf3 Qh7 50. Kf4 Qh6+ 51. Rg5 Qf6+ 52. Ke4 Qf7 53. Rf5 Qh7 54. Kf4 Kd7 55. e4 e5+ 56. dxe6+ Kxe6 57. Rg5 Qf7+ 58. Rf5 Qe8 59. Rg5 Qf7+ 60. Rf5 Qh7 61. Rg5 Qh6 62. Ke3 Kd7 63. Kf3 Kc6 64. Rd5 Qf6+ 65. Rf5 Qg6 66. Rg5 Qf7+ 67. Rf5 Qb3+ 68. Kf4 Qb1 69. Rxh5 Qf1+ 70. Ke3 Qg1+ 71. Kf4 Qf2+ 72. Kg5 Qxg3+ 73. Kf5 Qf3+ 74. Kg5 Qxe4 75. Kh6 Qe6+ 76. Kg7 d5 77. Rh6 Qxh6+ 78. Kxh6 d4 79. h5 d3 80. Kg7 d2 81. h6 d1Q 82. h7 Qd7+ 83. Kg8 Qe8+ 84. Kg7 Qe5+ 85. Kg8 Qg5+ 86. Kh8 Qd8+ 87. Kg7 Qd7+ 88. Kg8 Qe8+ 89. Kg7 Qe5+ 90. Kg8 Qe8+ 91. Kg7 Qe5+ 92. Kg8 Qe8+ 93. Kg7 Qd7+ 94. Kg8 Qg4+ 95. Kh8 Qh5 96. Kg8 Qg6+ 97. Kh8 Qf6+ 98. Kg8 Qg5+ 99. Kh8 1/2-1/2

[Event "COL-chT rapid"]
[Site "Cartagena"]
[Date "2019.11.29"]
[Round "1.3"]
[White "Figueroa Navarro, Juan Jose"]
[Black "Ruiz Aguilar, Pablo Alexander"]
[Result "0-1"]
[WhiteElo "1924"]
[BlackElo "2218"]
[PlyCount "50"]
[EventDate "2019.11.29"]
[EventType "team-swiss"]
[EventRounds "7"]
[EventCountry "COL"]
[SourceTitle "CBM 193 Extra"]
[Source "ChessBase"]
[SourceDate "2020.01.31"]
[SourceVersion "1"]
[SourceVersionDate "2020.01.31"]
[SourceQuality "1"]
[WhiteTeam "Narino"]
[BlackTeam "Santander"]
[WhiteTeamCountry "COL"]
[BlackTeamCountry "COL"]

1. d4 d5 2. c4 c6 3. Nc3 Nf6 4. Nf3 e6 5. e3 Nbd7 6. Be2 Bd6 7. 0-0 0-0 8. b3 Qe7 9. Qc2 dxc4 10. bxc4 e5 11. d5 Nc5 12. e4 Bg4 13. h3 Bxf3 14. Bxf3 Rfc8 15. Bg5 h6 16. Bd2 cxd5 17. cxd5 b5 18. Qb2 Rab8 19. Qb1 b4 20. Ne2 b3 21. a4 Qb7 22. Ng3 b2 23. Ra2 Qb3 24. a5 Nd3 25. Nf5 Bf8 0-1

[Event "COL-chT rapid"]
[Site "Cartagena"]
[Date "2019.11.29"]
[Round "4.3"]
[White "Fonseca Pinto, Carlos Arturo"]
[Black "Figueroa Navarro, Juan Jose"]
[Result "0-1"]
[WhiteElo "2129"]
[BlackElo "1924"]
[PlyCount "46"]
[EventDate "2019.11.29"]
[EventType "team-swiss"]
[EventRounds "7"]
[EventCountry "COL"]
[SourceTitle "CBM 193 Extra"]
[Source "ChessBase"]
[SourceDate "2020.01.31"]
[SourceVersion "1"]
[SourceVersionDate "2020.01.31"]
[SourceQuality "1"]
[WhiteTeam "Boyaca"]
[BlackTeam "Narino"]
[WhiteTeamCountry "COL"]
[BlackTeamCountry "COL"]

1. e4 e5 2. Nf3 Nc6 3. d4 exd4 4. Bc4 Bc5 5. c3 Nf6 6. e5 d5 7. Bb5 Ne4 8. cxd4 Bb6 9. h3 0-0 10. 0-0 f6 11. Nc3 Kh8 12. Be3 Nxc3 13. bxc3 a6 14. Bxc6 bxc6 15. exf6 Qxf6 16. Ne5 Qd6 17. a4 a5 18. Qh5 Kg8 19. f4 Bf5 20. Rf3 c5 21. Rg3 c6 22. Rc1 Ra7 23. Rg5 Be4 0-1

[Event "COL-chT"]
[Site "Cartagena"]
[Date "2019.11.25"]
[Round "3.2"]
[White "Remicio Duque, John H"]
[Black "Figueroa Navarro, Juan Jose"]
[Result "1/2-1/2"]
[WhiteElo "2014"]
[BlackElo "1990"]
[PlyCount "60"]
[EventDate "2019.11.24"]
[EventType "team-swiss"]
[EventRounds "7"]
[EventCountry "COL"]
[SourceTitle "CBM 193 Extra"]
[Source "ChessBase"]
[SourceDate "2020.01.31"]
[SourceVersion "1"]
[SourceVersionDate "2020.01.31"]
[SourceQuality "1"]
[WhiteTeam "Caqueta"]
[BlackTeam "Narino"]
[WhiteTeamCountry "COL"]
[BlackTeamCountry "COL"]

1. d4 d5 2. Nf3 Nf6 3. Bf4 e6 4. e3 Be7 5. Bd3 0-0 6. Nbd2 c5 7. c3 b6 8. h3 Bb7 9. 0-0 Nbd7 10. a4 a6 11. Bh2 Ne4 12. Qc2 f5 13. Ne5 Nxe5 14. Bxe5 Nxd2 15. Qxd2 Bd6 16. f4 a5 17. Qe2 Bxe5 18. fxe5 Qc8 19. g4 g6 20. gxf5 gxf5 21. Kh2 Kh8 22. Rg1 Ba6 23. Bxa6 Qxa6 24. Qh5 Rg8 25. Rae1 Qb7 26. Qh6 Qe7 27. b3 Rac8 28. Rxg8+ Rxg8 29. Re2 Qg7 30. Qxg7+ Rxg7 1/2-1/2

[Event "COL pre olympic sf2"]
[Site "Palmira"]
[Date "2019.06.02"]
[Round "8"]
[White "Figueroa Navarro, Juan Jose"]
[Black "Martinez Murcia, John Alexander"]
[Result "0-1"]
[WhiteElo "2052"]
[BlackElo "1839"]
[PlyCount "52"]
[EventDate "2019.05.29"]
[EventType "swiss"]
[EventRounds "10"]
[EventCountry "COL"]
[SourceTitle "CBM 190 Extra"]
[Source "ChessBase"]
[SourceDate "2019.07.15"]
[SourceVersion "1"]
[SourceVersionDate "2019.07.15"]
[SourceQuality "1"]

1. d4 d5 2. c4 e6 3. Nc3 Nf6 4. Bg5 Be7 5. e3 h6 6. Bh4 0-0 7. Bd3 b6 8. Nf3 Bb7 9. 0-0 Ne4 10. Bxe7 Qxe7 11. Qc2 Nxc3 12. Qxc3 dxc4 13. Qxc4 Ba6 14. Qc3 Bxd3 15. Qxd3 Nd7 16. Rac1 c5 17. Qb5 e5 18. dxc5 Nxc5 19. b4 e4 20. bxc5 exf3 21. cxb6 fxg2 22. Kxg2 axb6 23. Qxb6 Qe4+ 24. Kg1 Qg4+ 25. Kh1 Qf3+ 26. Kg1 Ra4 0-1

[Event "COL pre olympic sf2"]
[Site "Palmira"]
[Date "2019.05.31"]
[Round "4"]
[White "Figueroa Navarro, Juan Jose"]
[Black "Tobar Beltran, Jorge Esteban"]
[Result "1-0"]
[WhiteElo "2052"]
[BlackElo "1665"]
[PlyCount "111"]
[EventDate "2019.05.29"]
[EventType "swiss"]
[EventRounds "10"]
[EventCountry "COL"]
[SourceTitle "CBM 190 Extra"]
[Source "ChessBase"]
[SourceDate "2019.07.15"]
[SourceVersion "1"]
[SourceVersionDate "2019.07.15"]
[SourceQuality "1"]

1. d4 e6 2. c4 d5 3. Nc3 f5 4. Nf3 c6 5. Bf4 Bd6 6. e3 Qc7 7. g3 b6 8. Rc1 Bxf4 9. gxf4 Nf6 10. Bd3 Qe7 11. Ne5 Nfd7 12. Nf3 Rf8 13. Qc2 g6 14. h4 Bb7 15. cxd5 exd5 16. h5 Na6 17. a3 Nc7 18. Kd2 c5 19. Nb5 Ne6 20. hxg6 hxg6 21. Rcg1 a6 22. Nc3 cxd4 23. Nxd4 Nxd4 24. exd4 Qd6 25. Ne2 Rc8 26. Qb3 b5 27. Rh6 Rf6 28. Rh8+ Ke7 29. Rh7+ Rf7 30. Rh6 Nf8 31. Bb1 Rc7 32. Qe3+ Kd8 33. Qe5 Qb6 34. b4 Nd7 35. Qh8+ Rf8 36. Qg7 Qf6 37. Rgxg6 Qxg7 38. Rxg7 Nb6 39. Rxc7 Kxc7 40. Bd3 Nc4+ 41. Bxc4 dxc4 42. Ng3 Bf3 43. Rxa6 Rh8 44. Rf6 Ra8 45. Rxf5 Bc6 46. Rc5 Rxa3 47. Nf5 Kb6 48. Ne7 Rd3+ 49. Kc1 Bf3 50. d5 Rc3+ 51. Kd2 Rd3+ 52. Kc2 Be4 53. Nc8+ Ka6 54. Rc6+ Kb7 55. Nd6+ Ka7 56. Nxe4 1-0

[Event "COL pre olympic sf2"]
[Site "Palmira"]
[Date "2019.05.30"]
[Round "3"]
[White "Manzano Gomez, Valentina"]
[Black "Figueroa Navarro, Juan Jose"]
[Result "1/2-1/2"]
[WhiteElo "1745"]
[BlackElo "2052"]
[PlyCount "46"]
[EventDate "2019.05.29"]
[EventType "swiss"]
[EventRounds "10"]
[EventCountry "COL"]
[SourceTitle "CBM 190 Extra"]
[Source "ChessBase"]
[SourceDate "2019.07.15"]
[SourceVersion "1"]
[SourceVersionDate "2019.07.15"]
[SourceQuality "1"]

1. e4 e5 2. Nf3 Nc6 3. Bb5 a6 4. Ba4 Nf6 5. d4 exd4 6. 0-0 Be7 7. Re1 b5 8. e5 Nd5 9. Nxd4 Nxd4 10. Qxd4 Bb7 11. c4 bxc4 12. Qxc4 Nb6 13. Qg4 Nxa4 14. Qxa4 0-0 15. Nc3 d6 16. exd6 Bxd6 17. Bf4 Qf6 18. Bxd6 Qxd6 19. Qg4 Rfe8 20. Red1 Qe5 21. h3 Rad8 22. Rxd8 Rxd8 23. Rd1 Rxd1+ 1/2-1/2

[Event "COL-chT Interligas"]
[Site "Palmira"]
[Date "2019.04.28"]
[Round "3.2"]
[White "Casas Cobos, Julio Eduardo"]
[Black "Figueroa Navarro, Juan Jose"]
[Result "0-1"]
[WhiteElo "1883"]
[BlackElo "2052"]
[PlyCount "74"]
[EventDate "2019.04.27"]
[EventType "team-swiss"]
[EventRounds "6"]
[EventCountry "COL"]
[SourceTitle "CBM 190 Extra"]
[Source "ChessBase"]
[SourceDate "2019.07.15"]
[SourceVersion "1"]
[SourceVersionDate "2019.07.15"]
[SourceQuality "1"]
[WhiteTeam "Fuerzas Armadas II"]
[BlackTeam "Narino"]
[WhiteTeamCountry "COL"]
[BlackTeamCountry "COL"]

1. e4 e5 2. Nf3 Nc6 3. Bc4 Bc5 4. b4 Bxb4 5. c3 Ba5 6. 0-0 d6 7. d4 Bd7 8. Qb3 Qe7 9. dxe5 dxe5 10. Ba3 Qf6 11. Qxb7 Rb8 12. Qa6 Rb6 13. Bxf7+ Kxf7 14. Qd3 Be6 15. Nbd2 Nge7 16. Nc4 Rbb8 17. Ne3 Rhd8 18. Qc2 Bb6 19. h3 Kg8 20. Rae1 Bxh3 21. Kh1 Be6 22. Nh2 Ng6 23. Nf5 Nf4 24. Qa4 Bxf5 25. exf5 Kh8 26. Re4 Ne7 27. g3 Nd3 28. Ng4 Qf7 29. Kg2 Nxf5 30. Nxe5 Nxe5 31. Rxe5 Re8 32. Rfe1 Rxe5 33. Rxe5 Nd6 34. f4 Qxa2+ 35. Kh3 Qf7 36. Qc6 Nc4 37. Re7 Qh5+ 0-1

[Event "COL-chT Interligas"]
[Site "Palmira"]
[Date "2019.04.27"]
[Round "2.2"]
[White "Figueroa Navarro, Juan Jose"]
[Black "Ossa, Orlando Jose"]
[Result "0-1"]
[WhiteElo "2052"]
[BlackElo "2229"]
[PlyCount "71"]
[EventDate "2019.04.27"]
[EventType "team-swiss"]
[EventRounds "6"]
[EventCountry "COL"]
[SourceTitle "CBM 190 Extra"]
[Source "ChessBase"]
[SourceDate "2019.07.15"]
[SourceVersion "1"]
[SourceVersionDate "2019.07.15"]
[SourceQuality "1"]
[WhiteTeam "Narino"]
[BlackTeam "Valle Carlos Cuartas"]
[WhiteTeamCountry "COL"]
[BlackTeamCountry "COL"]

1. d4 Nf6 2. c4 g6 3. Nc3 Bg7 4. e4 d6 5. Be2 0-0 6. Bg5 c5 7. d5 b5 8. cxb5 a6 9. bxa6 Qa5 10. Bd2 Bxa6 11. Nf3 Nbd7 12. 0-0 Rfb8 13. Bxa6 Qxa6 14. Qc2 Nb6 15. b3 Nfd7 16. a3 Ra7 17. Ra2 Na8 18. Rb1 Nc7 19. h3 e6 20. dxe6 fxe6 21. b4 Rab7 22. Qa4 Qxa4 23. Nxa4 Ra7 24. Nc3 Bxc3 25. Bxc3 Nb5 26. Bd2 Rxa3 27. Rba1 Rxa2 28. Rxa2 c4 29. Rc2 d5 30. exd5 exd5 31. Be3 Nf6 32. Ne5 Rc8 33. Bc5 Ne4 34. Nxc4 dxc4 35. Rxc4 Nxc5 36. bxc5 0-1

[Event "COL-ch U26"]
[Site "Medellin"]
[Date "2018.10.20"]
[Round "6"]
[White "Jimenez, Luis Felipe"]
[Black "Figueroa Navarro, Juan Jose"]
[Result "1-0"]
[WhiteElo "1964"]
[BlackElo "2076"]
[PlyCount "31"]
[EventDate "2018.10.18"]
[EventType "swiss"]
[EventRounds "6"]
[EventCountry "COL"]
[SourceTitle "CBM 187 Extra"]
[Source "ChessBase"]
[SourceDate "2018.11.04"]
[SourceVersion "1"]
[SourceVersionDate "2018.11.04"]
[SourceQuality "1"]

1. d4 Nf6 2. c4 e6 3. Nc3 d5 4. Bf4 Be7 5. e3 c6 6. c5 b6 7. b4 Nbd7 8. Bd3 a5 9. a3 Ba6 10. b5 cxb5 11. c6 b4 12. Nb5 0-0 13. Nf3 bxa3 14. 0-0 Nh5 15. Bc7 Qc8 16. cxd7 1-0

[Event "COL-ch U26"]
[Site "Medellin"]
[Date "2018.10.19"]
[Round "4"]
[White "Leal Cortes, Diego Fernando"]
[Black "Figueroa Navarro, Juan Jose"]
[Result "0-1"]
[WhiteElo "1883"]
[BlackElo "2076"]
[PlyCount "108"]
[EventDate "2018.10.18"]
[EventType "swiss"]
[EventRounds "6"]
[EventCountry "COL"]
[SourceTitle "CBM 187 Extra"]
[Source "ChessBase"]
[SourceDate "2018.11.04"]
[SourceVersion "1"]
[SourceVersionDate "2018.11.04"]
[SourceQuality "1"]

1. e4 e5 2. Nf3 Nc6 3. Bb5 a6 4. Ba4 Nf6 5. d3 b5 6. Bb3 Be7 7. 0-0 d6 8. c3 0-0 9. a4 Rb8 10. Nbd2 h6 11. Re1 Re8 12. Nf1 Bf8 13. Ng3 g6 14. h3 b4 15. a5 bxc3 16. bxc3 Be6 17. Ba4 Bd7 18. d4 Na7 19. dxe5 dxe5 20. Be3 Bxa4 21. Qxa4 Nb5 22. Qc4 Qe7 23. Red1 Qe6 24. Qxe6 Rxe6 25. Rd3 c5 26. Nd2 h5 27. f3 Rc8 28. Nc4 Rc7 29. Rad1 Kg7 30. Ne2 Be7 31. Bg5 Ne8 32. Bxe7 Rexe7 33. Nb6 Nf6 34. g4 hxg4 35. hxg4 c4 36. Rd8 Rc5 37. g5 Nh7 38. R1d5 Rc6 39. Ra8 Nc7 40. Rc8 Nxg5 41. Kf2 Rf6 42. Rdd8 Rxf3+ 43. Kg2 Re3 44. Rg8+ Kh6 45. Ng3 Rxc3 46. Rh8+ Nh7 47. Rcd8 Ne6 48. Ra8 Nf4+ 49. Kh2 Rc2+ 50. Kh1 Re6 51. Rac8 Rd6 52. Rhd8 Rd3 53. Rxd3 cxd3 54. Rd8 d2 0-1

[Event "Pasto Region Interclubes Narino"]
[Site "Pasto"]
[Date "2017.08.21"]
[Round "5.1"]
[White "Figueroa Navarro, Juan Jose"]
[Black "Maya Serrato, Dylan David"]
[Result "1-0"]
[WhiteElo "2078"]
[BlackElo "1782"]
[PlyCount "61"]
[EventDate "2017.08.20"]
[EventType "swiss"]
[EventRounds "5"]
[EventCountry "COL"]
[SourceTitle "EXT 2024"]
[Source "ChessBase"]
[SourceDate "2023.10.10"]
[SourceVersion "1"]
[SourceVersionDate "2023.10.10"]
[SourceQuality "1"]

1. e4 e6 2. d4 d5 3. Nc3 Nf6 4. e5 Nfd7 5. f4 c5 6. Nf3 Nc6 7. Be3 a6 8. Be2 Be7 9. 0-0 b5 10. a3 Bb7 11. Kh1 Qc7 12. Qe1 f5 13. exf6 gxf6 14. f5 cxd4 15. fxe6 dxc3 16. exd7+ Qxd7 17. Qxc3 Rg8 18. Nd4 0-0-0 19. Nxc6 Qxc6 20. Qxc6+ Bxc6 21. Bd4 Kc7 22. Bxf6 d4 23. Be5+ Bd6 24. Bxd6+ Rxd6 25. Bf3 d3 26. cxd3 Rxd3 27. Rac1 Rd6 28. Bxc6 Rxc6 29. Rf7+ Kb6 30. Rxc6+ Kxc6 31. Rxh7 1-0

[Event "Medellin Flores op 24th"]
[Site "Medellin"]
[Date "2017.08.06"]
[Round "6"]
[White "Figueroa Navarro, Juan Jose"]
[Black "Pena, Alcides"]
[Result "1-0"]
[WhiteElo "2078"]
[BlackElo "1759"]
[PlyCount "69"]
[EventDate "2017.08.03"]
[EventType "swiss"]
[EventRounds "9"]
[EventCountry "COL"]
[SourceTitle "CBM 179 Extra"]
[Source "ChessBase"]
[SourceDate "2017.08.23"]
[SourceVersion "1"]
[SourceVersionDate "2017.08.23"]
[SourceQuality "1"]

1. e4 e5 2. Nf3 Nf6 3. Nxe5 d6 4. Nf3 Nxe4 5. d4 d5 6. Bd3 Be7 7. 0-0 Nc6 8. c4 Nf6 9. h3 0-0 10. a3 Re8 11. Nc3 Be6 12. c5 a6 13. Bf4 b6 14. b4 bxc5 15. bxc5 Na5 16. Qa4 Nc4 17. Rfb1 Qc8 18. Ng5 Bf5 19. Qc2 Bxd3 20. Qxd3 h6 21. Nf3 c6 22. Ne5 Nxe5 23. Bxe5 Nd7 24. Bg3 Bd8 25. Rb2 Bc7 26. Rab1 Bxg3 27. Qxg3 Rb8 28. Rxb8 Nxb8 29. Na4 Nd7 30. Nb6 Qb8 31. Qd3 Nxb6 32. cxb6 Qb7 33. Qc3 f6 34. a4 Kf7 35. a5 1-0

[Event "Medellin Flores op 24th"]
[Site "Medellin"]
[Date "2017.08.04"]
[Round "3"]
[White "Figueroa Navarro, Juan Jose"]
[Black "Torres, Juan Camilo"]
[Result "0-1"]
[WhiteElo "2078"]
[BlackElo "2307"]
[PlyCount "48"]
[EventDate "2017.08.03"]
[EventType "swiss"]
[EventRounds "9"]
[EventCountry "COL"]
[SourceTitle "CBM 179 Extra"]
[Source "ChessBase"]
[SourceDate "2017.08.23"]
[SourceVersion "1"]
[SourceVersionDate "2017.08.23"]
[SourceQuality "1"]

1. e4 c5 2. Nf3 e6 3. d3 Nc6 4. g3 g6 5. Bg2 Bg7 6. 0-0 Nge7 7. c3 e5 8. Nbd2 0-0 9. Nc4 d6 10. Re1 h6 11. Bd2 Be6 12. Ne3 Qd7 13. Qe2 Rad8 14. Red1 f5 15. h4 f4 16. Nf1 Rf7 17. N3h2 Rdf8 18. f3 h5 19. Be1 g5 20. hxg5 Ng6 21. gxf4 Nxf4 22. Qf2 Bh3 23. Bh1 Qe7 24. Qh4 Bh6 0-1

[Event "Pasto Escuela de Futuros Maestros I"]
[Site "Pasto"]
[Date "2015.12.05"]
[Round "3.1"]
[White "Figueroa Navarro, Juan Jose"]
[Black "Barreiro Acosta, Frank"]
[Result "1-0"]
[WhiteElo "2023"]
[BlackElo "1727"]
[PlyCount "67"]
[EventDate "2015.12.05"]
[EventType "tourn"]
[EventRounds "9"]
[EventCountry "COL"]
[SourceTitle "EXT 2024"]
[Source "ChessBase"]
[SourceDate "2023.10.10"]
[SourceVersion "1"]
[SourceVersionDate "2023.10.10"]
[SourceQuality "1"]

1. e4 c5 2. Nf3 d6 3. d4 cxd4 4. Nxd4 Nf6 5. f3 g6 6. c4 Bg7 7. Nc3 0-0 8. Be3 Nc6 9. Qd2 a6 10. Be2 Qc7 11. 0-0 Bd7 12. Rac1 Rac8 13. Nd5 Qd8 14. Nxc6 Bxc6 15. Nb6 Rb8 16. a4 Nd7 17. a5 e6 18. b4 Nxb6 19. Bxb6 Qe7 20. Rfd1 d5 21. Bc5 Qh4 22. g3 Qh3 23. b5 axb5 24. cxb5 Bd7 25. exd5 Rfe8 26. d6 Bh6 27. Be3 Bg7 28. Rc7 Red8 29. Ba7 Bh6 30. Qd3 Rbc8 31. Rxb7 Rc1 32. Rxc1 Bxc1 33. Bb6 Bxb5 34. Qxb5 1-0

[Event "Pasto City-ch"]
[Site "Pasto"]
[Date "2015.11.16"]
[Round "9"]
[White "Benavides, Christian Camilo"]
[Black "Figueroa Navarro, Juan Jose"]
[Result "1/2-1/2"]
[WhiteElo "1892"]
[BlackElo "2016"]
[PlyCount "69"]
[EventDate "2015.11.14"]
[EventType "tourn"]
[EventRounds "9"]
[EventCountry "COL"]
[SourceTitle "CBM 169 Extra"]
[Source "ChessBase"]
[SourceDate "2015.12.18"]
[SourceVersion "1"]
[SourceVersionDate "2015.12.18"]
[SourceQuality "1"]

1. e4 e5 2. Nf3 Nc6 3. Bb5 a6 4. Ba4 Nf6 5. 0-0 Be7 6. Re1 b5 7. Bb3 0-0 8. h3 d6 9. c3 Na5 10. Bc2 c5 11. d4 Qc7 12. Nbd2 cxd4 13. cxd4 Nc6 14. d5 Nb4 15. Bb1 a5 16. a3 Na6 17. Nf1 Bd7 18. Bg5 Rfc8 19. Ng3 a4 20. Be3 Nc5 21. Bxc5 Qxc5 22. Bd3 b4 23. Qd2 bxa3 24. Rxa3 Rab8 25. Rea1 Qb4 26. Qxb4 Rxb4 27. Rc3 Rcb8 28. Nd2 Rxb2 29. Nc4 R2b3 30. Rxb3 Rxb3 31. Bc2 Rc3 32. Ne3 g6 33. Bxa4 Bxa4 34. Rxa4 h5 35. Ne2 1/2-1/2

[Event "Pasto City-ch"]
[Site "Pasto"]
[Date "2015.11.15"]
[Round "4"]
[White "Angulo, Pablo David"]
[Black "Figueroa Navarro, Juan Jose"]
[Result "1/2-1/2"]
[WhiteElo "1979"]
[BlackElo "2016"]
[PlyCount "56"]
[EventDate "2015.11.14"]
[EventType "tourn"]
[EventRounds "9"]
[EventCountry "COL"]
[SourceTitle "CBM 169 Extra"]
[Source "ChessBase"]
[SourceDate "2015.12.18"]
[SourceVersion "1"]
[SourceVersionDate "2015.12.18"]
[SourceQuality "1"]

1. d4 Nf6 2. Bg5 g6 3. Bxf6 exf6 4. Nf3 Bg7 5. d5 d6 6. g3 0-0 7. Bg2 Nd7 8. c3 f5 9. 0-0 Re8 10. a4 a5 11. Ra2 Ne5 12. Nbd2 Nxf3+ 13. Bxf3 h5 14. Qc2 h4 15. e3 Bf6 16. b4 Kg7 17. Nb3 hxg3 18. hxg3 b6 19. Rd1 g5 20. Nd4 Bxd4 21. Rxd4 Qf6 22. Rc4 Re7 23. Qd2 Ba6 24. b5 Bb7 25. Qd4 Rh8 26. Qxf6+ Kxf6 27. Rd2 Kg6 28. Bd1 Kf6 1/2-1/2